Urbanizacao e tribalismo : a integracao dos indios Terena numa sociedade de classes.

Saved in:
Bibliographic Details
Main Author: Oliveira, Roberto Cardoso de
Format: Book
Language:English
Published: Rio de Janeiro : Zahar Editores, 1968.
Series:Colecao de etnologia brasileira
Subjects:
LEADER 00882nam a2200229 i 4500
001 c000130708
003 CARM
005 00000000000000.0
008 850219s1968 bl 0 eng d
019 1 |a 10228276  |5 LACONCORD2021 
035 |a (OCoLC)1506419  |5 LACONCORD2021 
100 1 |a Oliveira, Roberto Cardoso de. 
245 1 0 |a Urbanizacao e tribalismo :  |b a integracao dos indios Terena numa sociedade de classes. 
260 |a Rio de Janeiro :  |b Zahar Editores,  |c 1968. 
300 |a 237 p. :  |b illus. 
490 0 |a Colecao de etnologia brasileira 
500 |a Bibliography: p. 231-237. 
650 0 |a Terena Indians. 
650 0 |a Acculturation. 
852 8 |b CARM  |h A2:AF23E0  |i B01418  |p 0066201  |f BK 
999 f f |i b78c9af4-7995-594e-b491-40e82a9d41cd  |s 7772ef50-b9de-5327-aa87-72a7b989b483 
952 f f |p Can circulate  |a CAVAL  |b CAVAL  |c CAVAL  |d CARM 1 Store  |e B01418  |f A2:AF23E0  |h Other scheme  |i book  |m 0066201